All Jojo's Bizarre Adventure Parts - Statistics

General Stats
  • This quiz has been taken 175 times
  • The average score is 8 of 9
Answer Stats
Part Answer % Correct
(Part 7) Steel Ball Run
97%
(Part 1) Phantom Blood
96%
(Part 3) Stardust Crusaders
96%
(Part 6) Stone Ocean
96%
(Part 4) Diamond Is Unbreakable
95%
(Part 5) Golden Wind
95%
(Part 8) Jojolion
94%
(Part 2) Battle Tendency
91%
(Part 9) Jojolands
86%
No matching quizzes found
Score Distribution
Percent of People with Each Score
Percentile by Number Answered
Your Score History
You have not taken this quiz